Chankya's Chant/ (Record no. 69886)

MARC details
000 -LEADER
fixed length control field 00770nam a22002057a 4500
005 - DATE AND TIME OF LATEST TRANSACTION
control field 20120911144644.0
010 ## - LCCN (DPL NO)
LC control number B-483212
020 ## - INTERNATIONAL STANDARD BOOK NUMBER
International Standard Book Number 9789380658674
Terms of availability 195.00
035 ## - SYSTEM CONTROL NUMBER
System control number B-483212
037 ## - SOURCE OF ACQUISITION
Stock number dpl
Source of stock number/acquisition Virtuous Pub/VEN
082 ## - DEWEY DECIMAL CLASSIFICATION NUMBER
Classification number N
100 ## - MAIN ENTRY--PERSONAL NAME
Personal name Sanghi, Ashwin
245 ## - TITLE STATEMENT
Title Chankya's Chant/
Statement of responsibility, etc by Ashwin Sanghi
260 ## - PUBLICATION, DISTRIBUTION, ETC. (IMPRINT)
Place of publication, distribution, etc Chennai
Name of publisher, distributor, etc Westland Ltd
Date of publication, distribution, etc 2010
270 ## - ADDRESS
Address 165m P.H Road Madhuravyal Chennai
City Chennai
300 ## - PHYSICAL DESCRIPTION
Extent 448p.
Dimensions 22cm.(pbk)
942 ## - ADDED ENTRY ELEMENTS (KOHA)
Source of classification or shelving scheme Dewey Decimal Classification
Item type English Books
Call number suffix SAN
Classification part N
Holdings
Withdrawn status Lost status Not for loan Collection code Home library Current library Date acquired Source of acquisition Cost, normal purchase price Full call number Barcode Copy number Cost, replacement price Koha item type
      Fiction Central Library Central Library 27/09/2012 Virtuous Pub/IN248/18.04.2012/SP/46/30.3.2012/19.06.2012 195.00 N SAN B-483212 1 195.00 English Books

© Delhi Public Library
Hit Counter
free hit counter